IVE Songs - Statistics

General Stats
  • This quiz has been taken 35 times
  • The average score is 36 of 53
Answer Stats
Answer % Correct
ELEVEN
100%
After LIKE
97%
I AM
97%
LOVE DIVE
97%
BANG BANG
93%
Kitsch
93%
Off The Record
93%
Accendio
87%
ATTITUDE
87%
Baddie
83%
해야 (HEYA)
83%
REBEL HEART
83%
ROYAL
83%
Blue Blood
80%
Either Way
80%
XOXZ
80%
Ice Queen
77%
BLACKHOLE
73%
8
70%
섬찟 (Hypnosis)
70%
My Satisfaction
70%
Odd
70%
삐빅 (♥beats)
67%
Force
63%
TKO
63%
Cherish
60%
FLU
60%
Heroine
60%
Holy Moly
60%
궁금해 (Next Page)
60%
Payback
60%
Super ICY
60%
Unreal
60%
Blue Heart
57%
Lips
57%
Mine
57%
OTT
57%
Shine With Me
57%
Thank U
57%
GOTCHA (Baddest Eros)
53%
HOT COFFEE
53%
Midnight Kiss
53%
NOT YOUR GIRL
53%
RESET
53%
Take It
53%
Wild Bird
53%
WOW
53%
Fireworks
50%
In Your Heart
50%
You Wanna Cry
50%
Dear, My Feelings
47%
숨바꼭질 (Hush)
43%
악성코드 (Stuck In Your Head)
43%
No matching quizzes found
Score Distribution
Percent of People with Each Score
Percentile by Number Answered
Your Score History
You have not taken this quiz